_Teaching as Decision making Instructional practices for the successful teacher marvin Pasch (Record no. 12358)
[ view plain ]
| 000 -LEADER | |
|---|---|
| fixed length control field | 00532nam a2200169Ia 4500 |
| 008 - FIXED-LENGTH DATA ELEMENTS--GENERAL INFORMATION | |
| fixed length control field | 151021s9999 xx 000 0 und d |
| 020 ## - INTERNATIONAL STANDARD BOOK NUMBER | |
| International Standard Book Number | 801301572 |
| 050 ## - LIBRARY OF CONGRESS CALL NUMBER | |
| Classification number | LC 1025.2.T4156 1990 |
| 245 ## - TITLE STATEMENT | |
| Title | _Teaching as Decision making Instructional practices for the successful teacher marvin Pasch |
| 260 ## - PUBLICATION, DISTRIBUTION, ETC. (IMPRINT) | |
| Place of publication, distribution, etc. | New York Longman 1990 |
| 300 ## - PHYSICAL DESCRIPTION | |
| Extent | viii,360p.;ill |
| 500 ## - GENERAL NOTE | |
| General note | include index |
| 500 ## - GENERAL NOTE | |
| General note | include index |
| 650 ## - SUBJECT ADDED ENTRY--TOPICAL TERM | |
| Topical term or geographic name as entry element | _Lesson planning |
| 700 ## - ADDED ENTRY--PERSONAL NAME | |
| Personal name | _Langer-Sparks Georgea |
| 980 ## - EQUIVALENCE OR CROSS-REFERENCE-SERIES STATEMENT--PERSONAL NAME/TITLE [LOCAL, CANADA] | |
| Personal name | ^d20120814 01:14:20^okorir |
No items available.